• 首页
  • 本馆介绍
  • 公告通知
  • 最新文献
  • 馆藏检索
  • 电子资源
  • 读者导购
  • 参考咨询
  • 我的图书馆
  • 登录
  • 详细信息显示
  • 放入我的书架
  • 预约/预借图书
  • 作者相关作品
  • 分类相关作品
  • 丛书相关作品
  • 出版社相关作品

书目信息

  • 表格格式
  • 工作单格式
  • 卡片格式
题名:
吴门画派
    
 
作者: 紫都 , 耿静 编著
分册: 1   沈周
出版信息: 北京   中央编译出版社  2004
页数: 153页
开本: 22cm
丛书名:
单 册:
中图分类: J212.052 , J212.099
科图分类:
主题词: 中国画 , 画派 , 中国画--画派--美术批评--中国 , 美术批评
电子资源:
ISBN: 7-80109-915-X
000 01111nam0 2200337 450
001 002965448
005 20070804112426.46
010    @a7-80109-915-X@b精装@dCNY380.00(全套)
100    @a20050616d2004 em y0chiy0110 ea
101 0  @achi@eeng
102    @aCN@b110000
105    @aa z 001yd
200 1  @a吴门画派@9wu men hua pai@h1@i沈周@f紫都,耿静编著
210    @a北京@c中央编译出版社@d2004
215    @a153页@c图@d22cm
304    @a版权页题: 紫都,耿静,霍艳文编著
330    @a本书内容包括“畸零天地一夫闲——沈周的生平”,“博采众家吴门开——沈周的书画艺术”,“沈周题画诗词录”,“历代名家评沈周”等。
510 1  @aWumen School of Painting@iShen Zhou(1427~1509)@zeng
517 1  @a沈周@Ashen zhou
600  0 @a沈周@f(1427~1509)@x中国画@x美术批评
600  0 @a沈周@f(1427~1509)
606 0  @a中国画
606 0  @a画派
606 0  @a中国画@x画派@x美术批评@y中国
606 0  @a美术批评
690    @aJ212.052@v4
690    @aJ212.099@v4
701  0 @a紫都@9zi du@4编著
701  0 @a耿静@9geng jing@c(美术)@4编著
801  0 @aCN@bNLC@c20070804
905    @a10447@dJ212.099@e536:1
    
    吴门画派.1.沈周/紫都,耿静编著.-北京:中央编译出版社,2004
    153页:图;22cm
    
    
    ISBN 7-80109-915-X(精装):CNY380.00(全套)
    本书内容包括“畸零天地一夫闲——沈周的生平”,“博采众家吴门开——沈周的书画艺术”,“沈周题画诗词录”,“历代名家评沈周”等。
●
相关链接 在E读中查询图书 在五车中查询图书 在当当中查询图书 在豆瓣中查询图书


正题名:吴门画派     索取号:J212.099/536:1         预约/预借

序号 登录号 条形码 馆藏地/架位号 状态 备注
1 0803720   208037202   第一样本阅览室/ [索取号:J212.099/536:1] 在馆    
2 0803721   208037211   第一借阅区/ [索取号:J212.099/536:1] 在馆    
唐山师范学院图书馆 欢迎您!
大连网信软件有限公司© 版权所有